00000000nam##2200000za#4500
0019.577300
003CaOODSP
00520210624185539
007cr |||||||||||
008150406|1997||||xxc|||||o    f|0| 0 eng|d
040 |aCaOODSP|beng
043 |an-cn---
0861 |aFs97-13/1010E-PDF
1101 |aCanada. |bDepartment of Fisheries and Oceans.
24510|aR/V W.E. Ricker and F/V Steadfast trawl survey of Hecate Strait, May 30 - June 13, 1996 / |h[electronic resource]|cby G.D. Workman ... [et al.]
260 |aNanaimo - British Columbia : |bFisheries and Oceans Canada |c1997.
300 |a159p.|bfigs., references, tables
4901 |aCanadian data report of fisheries and aquatic sciences|vNo. 1010
500 |aOn t.p.: Pacific Biological Station, Nanaimo, British Columbia. The catalogue number and ISSN for the print edition appear in the PDF version.
546 |a(Résumé en français)
590 |a13-21-Supp|b2013-09-16
7201 |aWorkman, G. D.
830#0|aCanadian data report of fisheries and aquatic sciences ;|vNo. 1010|w(CaOODSP)9.505124
85640|ahttp://publications.gc.ca|qPDF|s41,785 KB|uhttps://publications.gc.ca/collections/collection_2013/mpo-dfo/Fs97-13-1010-eng.pdf|yNo. 1010